Sports Quiz

Random Sports or NFL Quiz

NFL players from the back (slideshow) Quiz Stats

Quiz not verified by Sporcle

Score 0/30 Timer 06:00
0 Plays Today
% Correct
Ben Roethlisberger
93.1%
Joe Montana
90.7%
Peyton Manning
89.1%
Jerry Rice
87.9%
Emmitt Smith
87.1%
Frank Gore
87.1%
Dan Marino
86.2%
Clay Matthews III
84.8%
Arian Foster
84.5%
Donovan McNabb
83.7%
Jerome Bettis
83.6%
Troy Polamalu
83%
Aaron Hernandez
80.3%
Adam Vinatieri
78.5%
William Perry
71.6%
% Correct
Plaxico Burress
70%
Jeremy Shockey
69.8%
Matt Cassel
69.1%
Reggie Bush
62.3%
Jerod Mayo
50.1%
Titus Young
43.2%
Steven Jackson
40.4%
TJ Houshmandzadeh
38.9%
Domata Peko
35.4%
Dwayne Harris
26.8%
Atari Bigby
15.4%
Tiquan Underwood
14.8%
CJ Spillman
5.8%
Dominique Rodgers-Cromartie
5.5%
Tracy Porter
2.4%

You're not logged in!

Compare scores with friends on all Sporcle quizzes.
Sign Up with Email
OR
Log In

You Might Also Like...

Show Comments

Extras

Top Quizzes Today


Score Distribution

Your Account Isn't Verified!

In order to create a playlist on Sporcle, you need to verify the email address you used during registration. Go to your Sporcle Settings to finish the process.